[Event "Santa Cruz op 8th"]
[Site "Santa Cruz"]
[Date "2024.01.12"]
[Round "3"]
[White "Mendoza, Samantha D"]
[Black "Ramallo Aguilar, Ariadne Ricela"]
[Result "0-1"]
[WhiteElo "1622"]
[BlackElo "1470"]
[PlyCount "99"]
[EventDate "2024.01.11"]
[EventType "swiss"]
[EventRounds "7"]
[EventCountry "BOL"]
[SourceTitle "CB04_2024"]
[SourceDate "2023.10.16"]
[SourceVersion "1"]
[SourceVersionDate "2023.10.16"]
[SourceQuality "1"]

1. e4 c5 2. Nc3 e6 3. g3 Nc6 4. Bg2 a6 5. a4 g6 6. Nge2 Bg7 7. d3 Nge7 8. 0-0 0-0 9. f4 d6 10. h3 f5 11. Be3 Nd4 12. Rb1 Nec6 13. Bf2 Rb8 14. Nxd4 Nxd4 15. Ne2 Nxe2+ 16. Qxe2 b5 17. axb5 axb5 18. e5 Qc7 19. exd6 Qxd6 20. Rfd1 Bd7 21. Kh2 Rfe8 22. Qd2 Bc6 23. c3 Bxg2 24. Kxg2 Qc6+ 25. Kh2 e5 26. Re1 Bh6 27. Be3 exf4 28. Bxf4 Bxf4 29. Qxf4 Rbd8 30. Qd2 Qf3 31. d4 cxd4 32. cxd4 Re4 33. Rxe4 fxe4 34. Re1 Qd3 35. Rd1 Rxd4 36. Qxd3 Rxd3 37. Re1 Rd2+ 38. Kg1 Rxb2 39. Rxe4 b4 40. Kf1 b3 41. Rb4 Rb1+ 42. Ke2 b2 43. Kd2 Rg1 44. Rxb2 Rxg3 45. Rb8+ Kg7 46. h4 Rg4 47. h5 g5 48. Ke3 Kh6 49. Rb7 Rf4 50. Re7 0-1

[Event "Pan American-ch School U17 Girls 12th"]
[Site "Callao"]
[Date "2023.10.17"]
[Round "4"]
[White "Ramallo Aguilar, Ariadne Ricela"]
[Black "Delgado Suarez, Triana Valentina"]
[Result "1-0"]
[WhiteElo "1648"]
[BlackElo "1174"]
[PlyCount "87"]
[EventDate "2023.10.16"]
[EventType "swiss"]
[EventRounds "9"]
[EventCountry "PER"]
[SourceTitle "Mega2024 Update 01"]
[Source "Chessbase"]
[SourceDate "2023.11.12"]
[SourceVersion "1"]
[SourceVersionDate "2023.11.12"]
[SourceQuality "1"]

1. e4 c5 2. Nf3 g6 3. d4 cxd4 4. Nxd4 Bg7 5. c4 Nc6 6. Be3 d6 7. Nc3 Nf6 8. Be2 0-0 9. 0-0 Nxd4 10. Bxd4 Bd7 11. f3 Bc6 12. Qd2 a6 13. Rac1 Nd7 14. Bxg7 Kxg7 15. b3 Qb6+ 16. Kh1 Rac8 17. Nd5 Bxd5 18. exd5 Nf6 19. Rfe1 h5 20. Bd3 Rce8 21. Re2 e6 22. dxe6 Rxe6 23. Rxe6 fxe6 24. Qg5 Qc7 25. Bxg6 Kh8 26. Qh6+ Kg8 27. Bxh5 Nxh5 28. Qxh5 Qg7 29. Re1 Rf6 30. h3 Rg6 31. Re2 Kf8 32. Qh4 Kg8 33. Qd8+ Kh7 34. Qxd6 Qf7 35. Re4 Rh6 36. Qg3 Qe7 37. Qe5 Qf7 38. Rf4 Qe7 39. Rd4 Kg8 40. Qb8+ Kh7 41. Qc8 Kg6 42. Qg8+ Kf6 43. Rf4+ Ke5 44. Qb8+ 1-0

[Event "Cochabamba GP op 4th"]
[Site "Cochabamba"]
[Date "2023.09.09"]
[Round "5"]
[White "Ramallo Aguilar, Ariadne Ricela"]
[Black "Cueto Chajtur, Johny"]
[Result "0-1"]
[WhiteElo "1618"]
[BlackElo "2117"]
[PlyCount "160"]
[EventDate "2023.09.07"]
[EventType "swiss"]
[EventRounds "7"]
[EventCountry "BOL"]
[SourceTitle "EXT 2024"]
[Source "ChessBase"]
[SourceDate "2023.10.10"]
[SourceVersion "1"]
[SourceVersionDate "2023.10.10"]
[SourceQuality "1"]

1. e4 c5 2. Nf3 g6 3. d4 cxd4 4. Nxd4 Bg7 5. c4 Nc6 6. Be3 Nf6 7. Nc3 0-0 8. Be2 d6 9. f3 Nxd4 10. Bxd4 Be6 11. Qd2 Qa5 12. Rc1 Rfc8 13. b3 a6 14. Na4 Qxd2+ 15. Kxd2 Rc6 16. Be3 Nd7 17. Rhd1 Rac8 18. Ke1 h5 19. Bd2 f5 20. Bd3 Nc5 21. Nxc5 dxc5 22. Bc3 Bxc3+ 23. Rxc3 Rd6 24. exf5 gxf5 25. Bc2 Kf7 26. f4 Kf6 27. Rh3 Rg8 28. Kf2 Bf7 29. Re3 Rgd8 30. Red3 b5 31. cxb5 axb5 32. Rxd6+ exd6 33. a4 bxa4 34. bxa4 d5 35. Bb3 Ke6 36. Re1+ Kd6 37. Re5 Be6 38. Bc2 Rf8 39. Ke3 h4 40. Kf2 Ke7 41. a5 Kf6 42. Ba4 Rc8 43. a6 Rc7 44. Re3 d4 45. Rh3 Ke7 46. Rxh4 Kd6 47. Rh8 Ra7 48. Bb5 c4 49. Rb8 Kc7 50. Re8 Kb6 51. Rb8+ Kc7 52. Re8 Kb6 53. Rb8+ Kc5 54. Rb7 Ra8 55. a7 Bd5 56. Rd7 Be4 57. Ba6 c3 58. Ke2 Bxg2 59. h4 Re8+ 60. Kd1 Bf3+ 61. Kc2 Bc6 62. Rf7 Ba4+ 63. Kb1 Bc6 64. Rxf5+ Kb6 65. Bd3 Kxa7 66. Rc5 Kb6 67. Rg5 Re1+ 68. Ka2 Rd1 69. Bc2 Rd2 70. Kb3 Ba4+ 71. Kxa4 Rxc2 72. Rd5 Rd2 73. Kb3 c2 74. Kb2 d3 75. Rd8 Rd1 76. Rc8 Rb1+ 77. Ka2 Kb7 78. Rc4 c1Q 79. Rb4+ Rxb4 80. f5 Qb2# 0-1

[Event "Cochabamba GP op 4th"]
[Site "Cochabamba"]
[Date "2023.09.08"]
[Round "4"]
[White "Ramallo Aguilar, Ariadne Ricela"]
[Black "Zubieta Echalar, Rafaella"]
[Result "1-0"]
[WhiteElo "1618"]
[BlackElo "1396"]
[PlyCount "39"]
[EventDate "2023.09.07"]
[EventType "swiss"]
[EventRounds "7"]
[EventCountry "BOL"]
[SourceTitle "EXT 2024"]
[Source "ChessBase"]
[SourceDate "2023.10.10"]
[SourceVersion "1"]
[SourceVersionDate "2023.10.10"]
[SourceQuality "1"]

1. e4 e5 2. Nf3 Nc6 3. Bc4 Bc5 4. 0-0 Nf6 5. d4 Bxd4 6. Nxd4 Nxd4 7. Bg5 h6 8. Bh4 g5 9. f4 gxf4 10. Rxf4 exf4 11. Qxd4 c5 12. Qc3 Rg8 13. Bxf6 Qc7 14. Nd2 d6 15. Re1 Be6 16. e5 d5 17. Bb5+ Kf8 18. Nb3 c4 19. Qb4+ Qc5+ 20. Qxc5# 1-0

[Event "La Paz GP op 3rd"]
[Site "La Paz"]
[Date "2023.08.18"]
[Round "4"]
[White "Ribera, Miguel Angel"]
[Black "Ramallo Aguilar, Ariadne Ricela"]
[Result "1-0"]
[WhiteElo "1911"]
[BlackElo "1603"]
[PlyCount "39"]
[EventDate "2023.08.17"]
[EventType "swiss"]
[EventRounds "7"]
[EventCountry "BOL"]
[SourceTitle "EXT 2024"]
[Source "ChessBase"]
[SourceDate "2023.10.10"]
[SourceVersion "1"]
[SourceVersionDate "2023.10.10"]
[SourceQuality "1"]

1. c4 c5 2. Nf3 Nc6 3. Nc3 g6 4. e3 e5 5. d4 cxd4 6. exd4 Bg7 7. d5 Nce7 8. d6 Nc6 9. Nb5 Kf8 10. Nc7 Rb8 11. c5 Nf6 12. Bc4 Ne8 13. Bg5 Bf6 14. Qd5 Nxd6 15. cxd6 Qe8 16. Nxe8 Nd8 17. Nxf6 Kg7 18. Qxe5 Nc6 19. Nh5+ Kg8 20. Qe8# 1-0

[Event "Oruro op 4th"]
[Site "Oruro"]
[Date "2023.02.11"]
[Round "5"]
[White "Ramallo Aguilar, Ariadne Ricela"]
[Black "Coro, Soledad"]
[Result "1-0"]
[WhiteElo "1482"]
[BlackElo "1618"]
[PlyCount "61"]
[EventDate "2023.02.09"]
[EventType "swiss"]
[EventRounds "7"]
[EventCountry "BOL"]
[SourceTitle "CBM 213 Extra"]
[Source "ChessBase"]
[SourceDate "2023.05.31"]
[SourceVersion "1"]
[SourceVersionDate "2023.05.31"]
[SourceQuality "1"]

1. e4 c5 2. Nf3 d6 3. d4 cxd4 4. Nxd4 Nf6 5. Nc3 Nc6 6. Be3 a6 7. f3 g6 8. Qd2 Bg7 9. Bc4 Nxd4 10. Bxd4 Nh5 11. 0-0-0 Qc7 12. Bb3 Be6 13. Bxe6 fxe6 14. g4 Bxd4 15. Qxd4 e5 16. Qa4+ b5 17. Nxb5 Qd7 18. Nc7+ Kd8 19. Qxd7+ Kxd7 20. Nxa8 Nf4 21. Nb6+ Ke6 22. Nd5 Ne2+ 23. Kb1 Kd7 24. Rd3 e6 25. Nb6+ Ke7 26. Ra3 a5 27. Rxa5 Rb8 28. Ra7+ Ke8 29. Nc4 Nc3+ 30. Kc1 Nb5 31. Rxh7 1-0

[Event "Pan American-ch U16 Girls"]
[Site "Montevideo"]
[Date "2022.06.27"]
[Round "3"]
[White "Ramallo Aguilar, Ariadne Ricela"]
[Black "Guadalajara Barrios, Jacksilany"]
[Result "0-1"]
[WhiteElo "1441"]
[BlackElo "1591"]
[PlyCount "102"]
[EventDate "2022.06.26"]
[EventType "swiss"]
[EventRounds "9"]
[EventCountry "URU"]
[SourceTitle "EXT 2023"]
[Source "ChessBase"]
[SourceDate "2022.10.05"]
[SourceVersion "1"]
[SourceVersionDate "2022.10.05"]
[SourceQuality "1"]

1. e4 e5 2. Nf3 Nf6 3. Nxe5 d6 4. Nf3 Nxe4 5. Nc3 Nxc3 6. dxc3 Be7 7. Bd3 0-0 8. Bf4 Nd7 9. Qd2 Nf6 10. 0-0-0 Re8 11. Rde1 d5 12. Bg5 Be6 13. Nd4 Bd7 14. Nf5 Bxf5 15. Bxf5 Qd6 16. h4 Rad8 17. Rh3 Qa6 18. Kb1 Qb5 19. Bd3 Qc6 20. Rf3 Qb6 21. Bxf6 Bxf6 22. Rfe3 Rxe3 23. Rxe3 d4 24. cxd4 Bxd4 25. b3 Bxe3 26. fxe3 Re8 27. Be4 h6 28. Qd3 c6 29. Bf3 Rxe3 30. Qd6 Re1+ 31. Kb2 Re6 32. Qb8+ Kh7 33. Qf4 Re7 34. Be4+ g6 35. Qf6 Qc5 36. h5 Qe5+ 37. Qxe5 Rxe5 38. hxg6+ fxg6 39. Bf3 g5 40. Kc3 Kg6 41. Kd4 Re7 42. Kc5 Kf5 43. Kd6 Rh7 44. Be2 Kf4 45. a4 g4 46. a5 a6 47. b4 h5 48. Bd3 Rg7 49. Kc5 h4 50. Kd4 h3 51. gxh3 gxh3 0-1

[Event "World Cup U18 Girls Prel"]
[Site "Tornelo INT"]
[Date "2021.08.01"]
[Round "5"]
[White "Ramallo Aguilar, Ariadne Ricela"]
[Black "Allahverdiyeva, Ayan"]
[Result "0-1"]
[WhiteElo "1311"]
[BlackElo "2095"]
[PlyCount "66"]
[EventDate "2021.08.01"]
[EventType "swiss (rapid)"]
[EventRounds "10"]
[EventCountry "NET"]
[SourceTitle "EXT 2024"]
[Source "ChessBase"]
[SourceDate "2023.10.10"]
[SourceVersion "1"]
[SourceVersionDate "2023.10.10"]
[SourceQuality "1"]

1. e4 c5 2. Nf3 e6 3. d4 cxd4 4. Nxd4 Nf6 5. Nc3 d6 6. Be3 Be7 7. f3 Nc6 8. Bc4 0-0 9. Qd2 d5 10. exd5 exd5 11. Bd3 Bc5 12. 0-0-0 Bxd4 13. Bxd4 Nxd4 14. Bxh7+ Nxh7 15. Qxd4 Be6 16. h4 Qf6 17. Qb4 Rfd8 18. h5 Rac8 19. Kb1 Rc6 20. Rd3 Rb6 21. Qa5 Bf5 22. Rd2 Rc8 23. Na4 Rbc6 24. Rc1 d4 25. g4 Bd7 26. Qxa7 Ra6 27. Qxb7 Rxa4 28. Qxd7 Rca8 29. a3 Qb6 30. Re2 Nf6 31. Qe7 Rxa3 32. c4 Qb3 33. g5 Ra1# 0-1

[Event "BOL-ch sf (Women)"]
[Site "La Paz"]
[Date "2021.07.23"]
[Round "4"]
[White "Espinoza Coca, Laura"]
[Black "Ramallo Aguilar, Ariadne Ricela"]
[Result "0-1"]
[WhiteElo "1086"]
[BlackElo "1311"]
[PlyCount "92"]
[EventDate "2021.07.22"]
[EventType "swiss"]
[EventRounds "7"]
[EventCountry "BOL"]
[SourceTitle "EXT 2022"]
[Source "ChessBase"]
[SourceDate "2021.10.06"]
[SourceVersion "1"]
[SourceVersionDate "2021.10.06"]
[SourceQuality "1"]

1. e4 c5 2. Nf3 e6 3. d4 cxd4 4. Nxd4 a6 5. Be3 Nf6 6. Nc3 Bb4 7. f3 Qc7 8. Bd2 Nc6 9. Nb3 b5 10. a3 Be7 11. Bd3 0-0 12. 0-0 Bb7 13. Qe2 Rfd8 14. Rae1 d6 15. f4 b4 16. axb4 Nxb4 17. Na4 a5 18. Be3 Nxd3 19. cxd3 Qc6 20. Ra1 d5 21. Nd4 Qe8 22. e5 Nd7 23. Nb5 Rdc8 24. Rfc1 Nc5 25. Bxc5 Bxc5+ 26. d4 Bxd4+ 27. Nxd4 Rxc1+ 28. Rxc1 Qxa4 29. Qd3 Qd7 30. Qa3 g6 31. Rc5 a4 32. Nb5 Bc6 33. Nd4 Bb7 34. Nb5 Rc8 35. Rxc8+ Qxc8 36. Nc3 d4 37. Nxa4 Qc1+ 38. Kf2 Qxf4+ 39. Kg1 Qc1+ 40. Kf2 Qd2+ 41. Kg3 Qxg2+ 42. Kh4 g5+ 43. Kh5 Bf3+ 44. Kh6 Qh3+ 45. Kxg5 Qf5+ 46. Kh4 Qg4# 0-1

[Event "Wch FIDE Online U14 Girls America qual"]
[Site "Tornelo INT"]
[Date "2020.12.03"]
[Round "4"]
[White "Dunat, Kimberlie"]
[Black "Ramallo Aguilar, Ariadne Ricela"]
[Result "0-1"]
[WhiteElo "1398"]
[BlackElo "1104"]
[PlyCount "142"]
[EventDate "2020.12.01"]
[EventType "swiss (rapid)"]
[EventRounds "7"]
[EventCountry "ISS"]
[SourceTitle "EXT 2022"]
[Source "ChessBase"]
[SourceDate "2021.10.06"]
[SourceVersion "1"]
[SourceVersionDate "2021.10.06"]
[SourceQuality "1"]

1. e4 c5 2. Bc4 e6 3. Nf3 d5 4. exd5 exd5 5. Be2 Nf6 6. d4 Be7 7. Nc3 0-0 8. dxc5 Bxc5 9. 0-0 Nc6 10. Bg5 d4 11. Ne4 Be7 12. Nxf6+ Bxf6 13. Bxf6 Qxf6 14. Qd3 Bf5 15. Qb3 b6 16. Bd3 Rad8 17. Qb5 Bg4 18. Be4 Rd6 19. Rad1 Rfd8 20. Rd2 Bxf3 21. Bxf3 Ne5 22. Be4 Qf4 23. Re2 Ng4 24. g3 Qh6 25. h4 Re6 26. Bf5 Rxe2 27. Qxe2 Nf6 28. Qe7 Re8 29. Qxa7 Qh5 30. Bd7 Nxd7 31. Qxd7 Qe5 32. Qc6 b5 33. c4 dxc3 34. Qxc3 Qe6 35. Rc1 Qxa2 36. Qc8 Rf8 37. Qc3 h6 38. Qc2 Qa6 39. Qe2 Qb6 40. b4 Ra8 41. Rc5 Rb8 42. Qe1 Rd8 43. Qe5 Rb8 44. Qd5 Qa6 45. Rc6 Qa1+ 46. Kg2 Qb2 47. Qc5 Qe2 48. Rc8+ Rxc8 49. Qxc8+ Kh7 50. Qf5+ Kg8 51. Qf4 Kh7 52. Qf3 Qc4 53. Qf5+ Kg8 54. Qb1 Qd5+ 55. Kg1 g6 56. Qc1 Qd4 57. Qb1 h5 58. Kf1 Qc4+ 59. Kg2 Qd5+ 60. Kh2 Qf3 61. Qf1 Qc3 62. Qxb5 Qf3 63. Qe8+ Kg7 64. Qe5+ Kh7 65. Qe3 Qb7 66. Qe4 Qxe4 67. f3 Qxb4 68. f4 Kh6 69. Kh3 f5 70. g4 fxg4+ 71. Kg3 Qc3+ 0-1

[Event "Wch FIDE Online U14 Girls America qual"]
[Site "Tornelo INT"]
[Date "2020.12.03"]
[Round "5"]
[White "Ramallo Aguilar, Ariadne Ricela"]
[Black "Jiang, Kate Yuhua"]
[Result "1/2-1/2"]
[WhiteElo "1104"]
[BlackElo "1605"]
[PlyCount "142"]
[EventDate "2020.12.01"]
[EventType "swiss (rapid)"]
[EventRounds "7"]
[EventCountry "ISS"]
[SourceTitle "EXT 2022"]
[Source "ChessBase"]
[SourceDate "2021.10.06"]
[SourceVersion "1"]
[SourceVersionDate "2021.10.06"]
[SourceQuality "1"]

1. e4 e5 2. Nf3 Nc6 3. Bb5 a6 4. Ba4 Nf6 5. 0-0 Be7 6. Re1 b5 7. Bb3 d6 8. c3 0-0 9. d4 exd4 10. cxd4 Bg4 11. d5 Ne5 12. Nbd2 Re8 13. h3 Bh5 14. Bc2 Bf8 15. b3 Nxf3+ 16. Nxf3 Bg6 17. Qd4 Rc8 18. Bb2 c5 19. dxc6 Rxc6 20. Bd3 d5 21. e5 Bc5 22. Qh4 Bxd3 23. exf6 Rce6 24. Qg4 Rxe1+ 25. Rxe1 Rxe1+ 26. Nxe1 Bg6 27. fxg7 h5 28. Qf4 Qd6 29. Qh6 Bh7 30. Qxh5 Bb6 31. Nf3 Qc5 32. Qh4 Qc2 33. Ng5 Qg6 34. Nxh7 Qxh7 35. Qxh7+ Kxh7 36. Be5 Bd8 37. Kf1 f6 38. Bd4 Kxg7 39. Ke2 Kg6 40. Ke3 Bc7 41. a4 Kf5 42. f3 Bf4+ 43. Kd3 Bg3 44. Kc3 Be1+ 45. Kd3 Bg3 46. Bc3 Bd6 47. Kd4 Be5+ 48. Kd3 Bd6 49. h4 Bg3 50. h5 Kg5 51. h6 Kxh6 52. Bxf6 Kg6 53. Bd8 Kf5 54. Kd4 Ke6 55. Kc5 Bf2+ 56. Kc6 d4 57. axb5 axb5 58. Kxb5 d3 59. Bg5 Be1 60. Kc5 Kf5 61. Bc1 d2 62. Bxd2 Bxd2 63. b4 Kf4 64. b5 Kg3 65. b6 Kxg2 66. f4 Bxf4 67. b7 Kf3 68. Kc6 Ke4 69. Kd7 Kd5 70. Kc8 Kc6 71. b8Q Bxb8 1/2-1/2

[Event "Wch FIDE Online U14 Girls America qual"]
[Site "Tornelo INT"]
[Date "2020.12.02"]
[Round "3"]
[White "Ramallo Aguilar, Ariadne Ricela"]
[Black "Roepke, Sofia"]
[Result "0-1"]
[WhiteElo "1104"]
[BlackElo "1273"]
[PlyCount "136"]
[EventDate "2020.12.01"]
[EventType "swiss (rapid)"]
[EventRounds "7"]
[EventCountry "ISS"]
[SourceTitle "EXT 2022"]
[Source "ChessBase"]
[SourceDate "2021.10.06"]
[SourceVersion "1"]
[SourceVersionDate "2021.10.06"]
[SourceQuality "1"]

1. e4 e5 2. Nf3 Nf6 3. Nxe5 d6 4. Nf3 Nxe4 5. Nc3 Nxc3 6. dxc3 Be7 7. Be3 Nc6 8. Bd3 Be6 9. Qd2 Qd7 10. 0-0-0 Bf6 11. Kb1 0-0-0 12. Bb5 a6 13. Ba4 b5 14. Bb3 Kb7 15. Nd4 Nxd4 16. Bxd4 Bxd4 17. Qxd4 Bxb3 18. axb3 f6 19. Rhe1 Rde8 20. Re4 Rxe4 21. Qxe4+ Qc6 22. Qg4 g6 23. c4 bxc4 24. bxc4 Re8 25. Rd3 Re1+ 26. Ka2 Qa4+ 27. Ra3 Qxc2 28. Rb3+ Kc6 29. Qf3+ Qe4 30. Qd3 Qxd3 31. Rxd3 Re2 32. Rf3 f5 33. h4 Kc5 34. Kb3 Rd2 35. Kc3 Rd4 36. b3 Rxh4 37. Rd3 Rh2 38. Rg3 a5 39. Kd3 Kb4 40. Kd4 Rh4+ 41. Kd5 Rf4 42. Kc6 Rxf2 43. Kxc7 Rd2 44. Kd7 f4 45. Rf3 Rxg2 46. Kxd6 g5 47. Ke5 g4 48. Rxf4 g3 49. Kd5 Rd2+ 50. Kc6 g2 51. Rg4 h5 52. Rg5 h4 53. c5 h3 54. Kc7 h2 55. c6 h1Q 56. Kc8 g1Q 57. Rxg1 Qxg1 58. c7 Qc5 59. Kb7 Qxc7+ 60. Kxc7 Kxb3 61. Kb6 a4 62. Kc5 a3 63. Kb5 a2 64. Kc6 a1Q 65. Kb6 Qc3 66. Kb5 Rb2 67. Ka6 Kc2 68. Ka7 Qa3# 0-1

[Event "Wch FIDE Online U14 Girls America qual"]
[Site "Tornelo INT"]
[Date "2020.12.01"]
[Round "1"]
[White "Ramallo Aguilar, Ariadne Ricela"]
[Black "Suarez Ardila, Luisa Maria"]
[Result "0-1"]
[WhiteElo "1104"]
[BlackElo "1476"]
[PlyCount "154"]
[EventDate "2020.12.01"]
[EventType "swiss (rapid)"]
[EventRounds "7"]
[EventCountry "ISS"]
[SourceTitle "EXT 2022"]
[Source "ChessBase"]
[SourceDate "2021.10.06"]
[SourceVersion "1"]
[SourceVersionDate "2021.10.06"]
[SourceQuality "1"]

1. e4 c5 2. Nf3 g6 3. d4 cxd4 4. Nxd4 Nc6 5. c4 Bg7 6. Nc2 Nf6 7. Nc3 0-0 8. Be3 d6 9. Be2 Ne5 10. f3 Be6 11. b3 Nc6 12. Qd2 Nd7 13. Rc1 Qa5 14. Nd4 Nxd4 15. Bxd4 Qh5 16. Bxg7 Kxg7 17. 0-0 Nf6 18. Nd5 Bxd5 19. cxd5 Rac8 20. Qe3 Qh6 21. Qxh6+ Kxh6 22. g4 e6 23. dxe6 fxe6 24. Rfd1 Rfd8 25. h4 Ne8 26. Bc4 d5 27. exd5 exd5 28. Bb5 Nd6 29. Rxc8 Rxc8 30. Rxd5 Rc1+ 31. Kg2 Rc2+ 32. Kg3 Nxb5 33. Rxb5 Rxa2 34. Rxb7 g5 35. hxg5+ Kxg5 36. Rxh7 Rb2 37. Rxa7 Rxb3 38. Ra5+ Kg6 39. g5 Kh5 40. Re5 Ra3 41. Kf4 Ra4+ 42. Kf5 Ra6 43. f4 Ra3 44. Re6 Ra5+ 45. Kf6 Kg4 46. Re4 Ra6+ 47. Kg7 Kf5 48. Rc4 Ra7+ 49. Kh6 Ra6+ 50. Kh5 Ra8 51. Kh4 Ra3 52. Rb4 Ra6 53. Kg3 Ra3+ 54. Kf2 Rc3 55. Ke2 Rh3 56. Rd4 Ra3 57. Rd3 Ra2+ 58. Ke3 Ra4 59. Rd5+ Kg6 60. Rd4 Ra1 61. Ke4 Re1+ 62. Kd5 Kf5 63. Kd6 Rg1 64. Ke7 Kg6 65. Rd6+ Kf5 66. Rf6+ Kg4 67. g6 Kh5 68. Kf7 Ra1 69. Kg8 Ra4 70. f5 Kg5 71. Rf7 Ra5 72. Kh7 Ra3 73. g7 Rh3+ 74. Kg8 Ra3 75. f6 Kg6 76. Rf8 Rh3 77. Rf7 Ra3 0-1